000 01052nam a2200277 a 4500
001 2553
005 20231215112319.0
020 _a0590471406 (pbk.) :
_c$3.50
020 _a078073004508
040 _aMiWaOW
_cMiWaOW
_dMnSP
_dDLC
_beng
050 0 0 _aE184.S75
_bP35 1994
082 0 0 _a920/.009268
_220
100 1 _aPalacios, Argentina
245 1 0 _aStanding tall :
_bthe stories of ten Hispanic Americans /
_cby Argentina Palacios
250 _aFirst Scholastic printing, November 2004
260 _aNew York :
_bScholastic,
_c1994
300 _a233 pages :
_billustrations ;
_c19 cm
505 _aZ
520 _aPresents photographs and stories of ten American heroes, influential and important Hispanis-American women and men from very different backgrounds and times who made history and are still making it.
521 _a1060
_bLexile
521 _aZ
_bRaz-Plus
650 0 _aHispanic Americans
_xBiography
_xJuvenile literature.
650 1 _aHispanic Americans.
906 _a7
_bcbc
_ccopycat
_d3
_encip
_f19
_gy-gencatlg
942 _2ddc
_cBK
_n0
999 _c2553
_d2553